Detalles MARC
| 000 -LIDER |
| fixed length control field |
01501nam a2200301 a 4500 |
| 001 - NÚMERO DE CONTROL |
| Identificador de número de control |
000046195 |
| 003 - IDENTIFICACDOR DE NÚMERO DE CONTROL |
| control field |
DO-SdBNP |
| 005 - DATE AND TIME OF LATEST TRANSACTION |
| control field |
20220823093732.0 |
| 008 - ELEMENTOS DE LONGITUD FIJA |
| fixed length control field |
150703s2015 dr ac 000 0 spa d |
| 020 ## - ISBN |
| International Standard Book Number |
9789945083163 |
| 040 ## - FUENTE DE CATALOGACIÓN |
| Agencia que crea de manera original el registro |
BNPHU |
| Idioma de catalogación |
spa |
| Agencia que realiza la transcripción |
BNPHU |
| 082 ## - NÚMERO DE CLASIFICACIÓN DECIMAL DE DEWEY |
| Classification number |
868.9981 |
| Item number |
L566a 2015 |
| Edition number |
22 |
| 245 00 - MENCIÓN DE TITULO |
| Título |
Lengua del alma la pluma : |
| Subtítulo |
antología poética / |
| Mención de responsabilidad |
edición , introducción, notas y epílogos de Rei Berroa. |
| 260 ## - PUBLICACIÓN, DISTRIBUCIÓN, ETC. (PIE DE IMPRENTA) |
| Lugar de publicación, distribución, etc |
Santo Domingo : |
| Nombre del editor, distribuidor, etc. |
Búho, |
| Fecha de publicación, distribución, etc |
2015. |
| 300 ## - DESCRIPCIÓN FÍSICA |
| Extensión |
303 p. : |
| Otros detalles físicos |
il., retrs. ; |
| Dimensiones |
22 cm. |
| 490 0# - MENCIÓN DE SERIES |
| Mención de serie |
Libros de la luna, |
| Volume/sequential designation |
10 |
| 500 ## - NOTA GENERAL |
| Nota general |
Esta antología recoge el grupo de poetas que participaron en la presentaciones del ”XXIII Maratón de Poesía del Teatro de la Luna en Washinton DC“ . par conmemorar el cuarto centenario de la publicación de la segunda parte del Quijote de Cervantes (1615). |
| 500 ## - NOTA GENERAL |
| Nota general |
Incluye referencias bibliográficas y notas al pie de las páginas. |
| 501 ## - NOTA DE PUBLICADO O ENCUADERNADO |
| With note |
Esta antología recoge el grupo de poetas que participaron en la presentaciones del ”XXIII Maratón de Poesía del Teatro de la Luna en Washinton DC“ . par conmemorar el cuarto centenario de la publicación de la segunda parte del Quijote de Cervantes (1615). |
| 590 ## - NOTA LOCAL |
| Enlace |
Inventariado, 2022/VM |
| 650 #4 - ENCABEZAMIENTO DE MATERIA--TEMÁTICO |
| Término temático o nombre geográfico como elemento de entrada |
Poesía latinoamericana |
| Subdivisión de forma |
Colecciones |
| Materiales especificados |
|
| 650 #4 - ENCABEZAMIENTO DE MATERIA--TEMÁTICO |
| Término temático o nombre geográfico como elemento de entrada |
Poesía dominicana |
| Subdivisión de forma |
Colecciones. |
| 650 #4 - ENCABEZAMIENTO DE MATERIA--TEMÁTICO |
| Término temático o nombre geográfico como elemento de entrada |
Autores latinoamericanos |
| 650 #4 - ENCABEZAMIENTO DE MATERIA--TEMÁTICO |
| Término temático o nombre geográfico como elemento de entrada |
Literatura latinoamericana |
| 700 1# - ASIENTO SECUNDARIO -- NOMBRE PERSONAL |
| Nombre personal |
Berroa, Rei, |
| Mención de responsabilidad |
ed. |
| 910 ## - VALIDACIÓN |
| Validación |
VMateo V. |
| 942 ## - ADDED ENTRY ELEMENTS (KOHA) |
| Source of classification or shelving scheme |
Dewey Decimal Classification |
| Koha item type |
Libros |